| 000 | 00863nam a2200265Ia 4500 | ||
|---|---|---|---|
| 001 | Para_8671 | ||
| 003 | CHAP | ||
| 008 | 220125s9999 xx 000 0 und d | ||
| 010 | _a207482 | ||
| 040 | _cCHAP | ||
| 082 | _aPA-C 595.752 A6 | ||
| 100 |
_aEssig, E. O. _9167428 |
||
| 245 |
_aA genus and species of the family aphididae new to North America / _c by E.O. Essig |
||
| 300 | _a8 p. | ||
| 440 |
_aAphidae; 30 _9174064 |
||
| 500 | _aSobretiro de: University of alifornia publications in entomology 6 (1): 1-8, 1932. Encuadernado con otros impresos similares | ||
| 650 |
_a _x Afididos _x Colecciones de escritos _x Afididos _x EUA _x Thorocaphis _9174076 |
||
| 901 | _aPA-C 595.752 A6 | ||
| 902 | _aA | ||
| 905 | _a000000 0000000000 00 | ||
| 910 | _a | ||
| 942 | _cPARA | ||
| 942 |
_cPARA _d1 |
||
| 999 |
_c207482 _d207482 |
||